| 000 | 00858nam a22002537a 4500 | ||
|---|---|---|---|
| 999 |
_c10501 _d10501 |
||
| 003 | AR-CdUCM | ||
| 008 | 190312b ||||| |||| 00| 0 spa d | ||
| 040 |
_aMUNICIPALIDAD PROVINCIAL DEL CUSCO _cBIBLIOTECA MUNICIPAL DEL CUSCO |
||
| 041 | _heng | ||
| 082 |
_a100 / _bD97 / 1960 |
||
| 100 |
_aDurant, Will _916517 |
||
| 245 | _aFilosofía, cultura y vida / | ||
| 260 |
_aBuenos Aires : _bSudamericana, _c1960. |
||
| 300 |
_a252 páginas ; _c17 cm. |
||
| 440 |
_aColección piragua ; _913120 |
||
| 500 | _aTitulo original: The mansions of philosophy. | ||
| 505 | _aContenido: t.1. Generalidades -- Lógica y etimologista -- Metafísica -- Ética -- Estética ... | ||
| 650 |
_aÉtica _91337 |
||
| 650 |
_aFilosofía _9395 |
||
| 650 |
_aMetafísica _92817 |
||
| 700 |
_aNáñez, Demetrio (traducción) _927398 |
||
| 942 |
_2ddc _cLIBROS |
||
| 945 | _aacv | ||